| 000 | 00415nam a2200133Ia 4500 | ||
|---|---|---|---|
| 005 | 20260328104338.0 | ||
| 008 | 260328s9999||||xx |||||||||||||| ||und|| | ||
| 100 | _aDa Silva, Jose Graziano | ||
| 245 | 0 |
_aSistemas alimentarios en América Latina y el Caribe : _b Desafíos en un escenario pospandemia / _cJose Graziano Da Silva |
|
| 260 | _bCides | ||
| 300 | _a250 p. | ||
| 650 | _aCAMBIOS CLIMÁTICOS | ||
| 942 | _cBK | ||
| 999 |
_c11985 _d11985 |
||